Quizzes
Events
Quiz Creation
Community
Videos
Private Events
Remove Ads
Sign In
Join for FREE
Feedback
Dark Mode
Quiz Categories
Sports
Geography
Music
Movies
Television
Just For Fun
Miscellaneous
History
Literature
Language
Science
Gaming
Entertainment
Religion
Holiday
For Kids
Quiz Lab
Recent
Popular Today
Quiz Kudos Today
Editor Picks
Curator Picks
Quizzes by...
Day
Popularity
Type
Ratings
Length
Year
Community
Subscriptions
Recent Discussions
Orange Saloon
Badges
Playlists
Quests
Create
Leaderboards
Showdown
Live 5
Trivia Bingo
Activity
Puzzle Library
Sporcle Events
Private Events
Virtual Trivia
Globe League
Become a Host
Pub Owners
SporcleCon
Opinionation
Our Games
Videos
Blog
Mobile Apps
Partnerships
Remove Ads and Go Orange
Feedback
Sports
Athletes
MLB
NBA
NHL
NFL
Soccer
Sports Teams
WWE
NCAA
Football
Premier League
Basketball
Baseball
Hockey
Golf
Tennis
Cricket
Rugby
Auto Racing
Olympics
World Cup
Sports
Athletes
MLB
NBA
NHL
NFL
Soccer
Sports Teams
WWE
NCAA
Football
Premier League
Basketball
Baseball
Hockey
Golf
Tennis
Cricket
Rugby
Auto Racing
Olympics
World Cup
Random Quiz
Search Sporcle
×
Quiz Lab
Quiz Lab
Sports
NFL
Type in answers that appear in a list
Type in answers that appear in a list
Classic
Best Score? Go Orange.
1 WR names each nfl team Stats
Can you name the #1 WR Nfl Teams ?
By
elboss777
6m
32 Questions
744 Plays
744 Plays
744 Plays
Comments
Comments
Give Quiz Kudos
Give Quiz Kudos
-
- Ratings
hide this ad
Replay
Link that replays current quiz
Next Quiz
Link to next quiz in quiz playlist
You Got
0%
They Got
Avg Score
63%
Avg Friend Score
Upgrade to see
Score Distribution
Jump to the score distribution portion of the page
Score
0/32
Timer
06:00
0
Plays Today
Teams
% Correct
Houston Texans
Andre Johnson
91.4%
Detroit Lions
Calvin Johnson
91.3%
New York Giants
Steve Smith
89.9%
New England Patriots
Randy Moss
89.9%
Carolina Panthers
Steve Smith
89.9%
Washington Redskins
Santana Moss
89.4%
Philadelphia Eagles
Desean Jackson
87%
San Diego Chargers
Vincent Jackson
86.4%
Arizona Cardinals
Larry Fitzgerald
83.6%
Cincinnati Bengals
Chad Ochocinco
81.9%
Pittsburgh Steelers
Hines Ward
80%
Indianapolis Colts
Reggie Wayne
79.7%
Green Bay Packers
Greg Jennings
78.1%
Buffalo Bills
Terrell Owens
76.3%
Atlanta Falcons
Roddy White
75.3%
New Orleans Saints
Marques Colston
73.7%
Teams
% Correct
Denver Broncos
Brandon Marshall
73.5%
Dallas Cowboys
Miles Austin
71.6%
Minnesota Vikings
Sydney Rice
69%
Baltimore Ravens
Derrick Mason
64.5%
Chicago Bears
Devin Hester
63.8%
Kansas City Chiefs
Dwayne Bowe
61.3%
New York Jets
Jericho Cotchery
57.4%
San Francisco 49ers
Michael Crabtree
54.2%
Tampa Bay Buccaneers
Antonio Bryant
50.8%
Tennessee Titans
Justin Gage
41.4%
Jacksonville Jaguars
Mike Sims Walker
25.9%
Cleveland Browns
Joshua Cribbs
19.8%
Miami Dolphins
Ted Ginn Jr
12.6%
Seattle Seahawks
T. J Houshmandzadeh
8.2%
St. Louis Rams
Keenan Burton
7.3%
Oakland Raiders
Darrius Heyward Bay
5.5%
Quiz Playlist
Details
Report
Send in Message
Add To Playlist
Classic:
Type in answers that appear in a list
Last Updated: Feb 16, 2017
Quiz Scoreboard
CHALLENGE
Sign Up to Join the Scoreboard
Show All
Scores
Hide
Comments
May contain spoilers
Recently Published
College Basketball Coaching Resumes
by pancakes188
Sports
9m
Billboard Blitz: Fleetwood Mac
by CooCooCachoo
Music
15s
Presidents Visiting Landmarks
by Hejman
History
7m
More to Explore
Quiz From the Vault
Featured Blog Post
Where Did the Easter Bunny Come From?
hide this ad
You Might Also Like...
Tags
NFL Quiz
team
Today's Top Quizzes in Sports
Browse Sports
hide this ad
Today's Top Quizzes in NFL
Browse NFL
Top Contributed Quizzes in Sports
1
2022 World Cup Stars
2
Les meilleurs buteurs des matchs entre le PSG et l’OM
3
FIFA Club World Cup Champions
4
Les entraîneurs de l'OM et du PSG au 21e siècle
5
Criteria MLB: Left Handed Sluggers
6
AFC Teams Reveal (Wrong Answers Minefield)
7
5-to-1: UK Sports Teams
8
5-to-1: FBS Animal Nicknames
9
2023 MLB Unique Player Accomplishments
10
Name the Premier League winners with different clubs
Explore More
Trending Topics
Marvel
Harry Potter
Crossword
Disney
NBA
Anime
Kpop
Soccer
Puzzle
NFL
The Office
Pokémon
Country
Song
WWE
hide this ad
More By:
elboss777
Quiz
Plays
Rating
Category
Featured
Created
Giants Starting Offence
166
5.00
Sports
Oct 28, 2009
Go to Creator's Profile
Score Distribution
Quiz Creator Spotlight
elboss777
Follow
Send a Message
Quizzes Created
-
Created Quiz Play Count
-
More By This Creator
Popular Quizzes Today
1
Find the US States - No Outlines Minefield
2
Find the Countries of Europe - No Outlines Minefield
3
The Countries of the World
4
Find the US States
5
Risky Map Clicking: Biggest States A-Z
6
US States
7
Popular People in 1961
8
Movies - When Are They Set?
More Sports Quizzes
Quick Pick: New York City Sports Teams
Quiz Lab
Trending Quizzes
Risky Map Clicking: Least Populous States A-Z
1-10 Letter G Words
1-10 Letter F Words
Risky Map Clicking: Next State Alphabetically
Risky Map Clicking: Biggest States A-Z
Recently Updated
Leaping Animals
pecheneg
Reality TV Shows (A-Z)
bhenderson79
Rickey Henderson's Hall of Fame Teammates
pecheneg
Champions League XIs: Arsenal
pecheneg
Quick Pick: Celebrities in WWE's Hall of Fame
aduchscher
A-Z Keypad Blitz II
pecheneg
Multiple Oscar Actors
pecheneg
Mystery Phrase Blitz: Oscar 'Best Actors'
pecheneg
F. Scott Fitzgerald Novels
LTH
Pick 3 Villains
ddd62291
Trending Topics
Anime
Harry Potter
Marvel
Crossword
Kpop
NBA
Disney
The Office
Puzzle
Song
Pokémon
WWE
Country
NFL
Soccer
Your Account Isn't Verified!
In order to create a playlist on Sporcle, you need to verify the email address you used during registration. Go to your
Sporcle Settings
to finish the process.
Report this User
Report this user for behavior that violates our
Community Guidelines
.
Details:
Send Report
Go to the Sporcle.com Mobile Site →
Comments